The Partnership Act, 1932: (Record no. 614009)

000 -LEADER
fixed length control field 00263nam a22001097a 4500
082 ## - DEWEY DECIMAL CLASSIFICATION NUMBER
Classification number 346.0682
Author Mark PAR
245 ## - TITLE STATEMENT
Title The Partnership Act, 1932:
Remainder of title Bare Act /
260 ## - PUBLICATION, DISTRIBUTION, ETC.
Place of publication, distribution, etc. Lahore:
Name of publisher, distributor, etc. Mansoor Law Book House,
Date of publication, distribution, etc. N.A.
300 ## - PHYSICAL DESCRIPTION
Extent 32 p.
563 ## - BINDING INFORMATION
Binding note PB.
942 ## - ADDED ENTRY ELEMENTS (KOHA)
Source of classification or shelving scheme
Koha item type Book
Holdings
Withdrawn status Lost status Source of classification or shelving scheme Damaged status Not for loan Permanent Location Current Location Date acquired Total Checkouts Full call number Barcode Date last seen Price effective from Koha item type
          NUST Law School (NLS) NUST Law School (NLS) 06/29/2025   346.0682 PAR NLS-3009 06/29/2025 06/29/2025 Book
          NUST Law School (NLS) NUST Law School (NLS) 06/29/2025   346.0682 PAR NLS-3010 06/29/2025 06/29/2025 Book
          NUST Law School (NLS) NUST Law School (NLS) 06/29/2025   346.0682 PAR NLS-3011 06/29/2025 06/29/2025 Book
          NUST Law School (NLS) NUST Law School (NLS) 06/29/2025   346.0682 PAR NLS-3012 06/29/2025 06/29/2025 Book
© 2023 Central Library, National University of Sciences and Technology. All Rights Reserved.